000
00312nam a22001337a 4500
082
_a
823
_b
JAI/G
100
_a
JAIN, KULDEEP
245
_a
THE GINGERBREAD MAN
246
_a
THE GINGERBREAD MAN
_b
THE GINGERBREAD MAN
260
_a
NEW DELHI
_b
PEGASUS
_c
2025
300
_a
16
650
_a
ENGLISH STORY
942
_c
BK
999
_c
9167
_d
9167